01104nam a2200205 a 450000100100000000500170001000800410002704000250006810000330009324501690012626000430029530000270033871000690036504900090043495201110044395201110055495201050066595201110077099900170088100002794220200930031223.0110405s2002 dr a 000 0 spa d aDO-SdBNPbspacBNPHU1 aRomero, Mirta Juliana95500613aEl negro y lo negro como tema en la literatura venezolana de la primera mitad del siglo XX :bla novela Cumboto de Ramón Díaz Sánchez /cMirta Juliana Romero. aSanto Domingo :bINDAASELbSEE,c2002. a36 P. :bil. ;c22 cm.2 aInstituto Dominicano de Estudios Africanos y Asociación955007 aBNPD 0010718DSaGRbGRcCTd2011-04-07iLF1l0o p27942-30r2020-06-25te. 3w2020-06-25yLFDSZNo se presta 0010718DSaGRbGRcCTd2011-04-07iLF1l0o p27942-40r2020-06-25te. 4w2020-06-25yLFDSZNo se presta 0010718PDaPDbPDcCTd2011-04-05iLF1l0o p27942-10r2020-06-25w2020-06-25yLFPDZNo se presta 0010718PDaPDbPDcCTd2011-04-05iLF1l0o p27942-20r2020-06-25te. 2w2020-06-25yLFPDZNo se presta c27434d27434